Normal view
MARC view
Entry Corporate Name
001 - CONTROL NUMBER
- control field: 5744
003 - CONTROL NUMBER IDENTIFIER
- control field: OSt
005 - DATE AND TIME OF LATEST TRANSACTION
- control field: 20120106124613.0
008 - FIXED-LENGTH DATA ELEMENTS
- fixed length control field: 120106|||a|||||| | ||| d
040 ## - CATALOGING SOURCE
- Original cataloging agency: OSt
- Transcribing agency: OSt
110 ## - HEADING--CORPORATE NAME
- Corporate name or jurisdiction name as entry element: Great Britain.
- Subordinate unit: Court of Appeal.
670 ## - SOURCE DATA FOUND
- Source citation: Work cat.: (OSt)0: Great Britain. Court of Appeal., The criminal appeal reports. 1989 Vol.89 Sentencing., 1989-
